Trh a formy vzdelávania
Jedným z posledných trendov vo vzdelávaní je kombinácia denného a dištančného štúdia. Virtuálne triedy. Najnovšie trendy štúdia. TDL - tutorial distance learning a EDL - enhanced distance learning.
Gespeichert in:
| 1. Verfasser: | |
|---|---|
| Format: | Buchkapitel |
| Sprache: | Slowakisch |
| Schlagworte: | |
| Tags: |
Keine Tags, Fügen Sie das erste Tag hinzu!
|
MARC
| LEADER | 00000naa a2200000 4500 | ||
|---|---|---|---|
| 001 | r045470 | ||
| 005 | 20230920074822.2 | ||
| 041 | 0 | |a slo | |
| 044 | |a SK | ||
| 245 | 1 | 0 | |a Trh a formy vzdelávania |c Ivan Polakovič |
| 520 | |a Jedným z posledných trendov vo vzdelávaní je kombinácia denného a dištančného štúdia. Virtuálne triedy. Najnovšie trendy štúdia. TDL - tutorial distance learning a EDL - enhanced distance learning. | ||
| 610 | 2 | 0 | |a vzdelávanie dištančné |
| 610 | 2 | 0 | |a technológie informačné |
| 610 | 2 | 0 | |a technológie komunikačné |
| 610 | 2 | 0 | |a internet |
| 610 | 2 | 0 | |a štúdium diaľkové |
| 610 | 2 | 0 | |a štúdium dištančné |
| 100 | 1 | |a Polakovič, Ivan | |